00246nam a22001097a 4500008004100000020001800041041000800059080001200067100000600079101000800085245004300093181217b xxu||||| |||| 00| 0 eng d a9780071481724 aeng a610.073 a2 aINF aFirst Aid q a Usmle Step 1cLe.T.T